000 00793nam a22002537a 4500
999 _c34204
_d34204
001 3552
003 CO-MdFUSB
005 20180622073137.0
008 180313t1993 ag ||||| |||| 00| 0 spa d
020 _a0-8028-0922-7
040 _aCO-MdFUSB
_bspa
_cCO-MdFUSB
_dCO-MdFUSBC
_erda
041 0 _aspa
_heng
082 0 4 _aG 227.1077 C8916e
100 1 _aCranfield, C.E.B.
_eautor
245 3 _aLa Epístola a los Romanos
_c / C. E. B, Cranfield ; David R. Powell
264 4 _aBuenos Aires, Argentina :
_bEerdmans,
_c©1993
300 _a366 Pag
336 _2rdacontent
_atexto
_btxt
337 _2rdamedia
_asin mediación
_bn
338 _2rdacarrier
_avolumen
_bnc
500 _aTítulo original : Romans, a shorter commentary
653 _aBiblia N.T. - Romanos - Comentarios
942 _cBK